[Event "6th Hofheim Spring Open"]
[Site "Hofheim GER"]
[Date "2018.04.05"]
[Round "4.4"]
[White "Praveen,Kumar C"]
[Black "Simantsev,M"]
[Result "1-0"]
[WhiteElo "1480"]
[BlackElo "2469"]

1.d4 Nf6 2.c4 e6 3.Nc3 c5 4.d5 exd5 5.cxd5 d6 6.Nf3 g6 7.g3 Bg7 8.Bg2 O-O
9.O-O Re8 10.Nd2 a6 11.a4 Nbd7 12.h3 Rb8 13.Nc4 Ne5 14.Na3 Nh5 15.e4 Bd7
16.a5 Qxa5 17.g4 Nf6 18.g5 Nh5 19.f4 b5 20.fxe5 Bxe5 21.Nc2 Qc7 22.Ne2 b4
23.Ne3 Bb5 24.Ng4 Bxe2 25.Qxe2 Ng3 26.Qxa6 Nxf1 27.Qxf1 Bd4+ 28.Kh1 Ra8 29.Rb1 c4
30.Bf4 c3 31.bxc3 bxc3 32.Bxd6 Qxd6 33.Nh6+ Kg7 34.Qxf7+ Kh8 35.Qxe8+ Rxe8
36.Nf7+ Kg8 37.Nxd6 Rf8  1-0

[Event "9th 5th April Medal Day"]
[Site "Kahramanmaras TUR"]
[Date "2018.04.08"]
[Round "9.5"]
[White "Hadjiyev,S"]
[Black "Benidze,D"]
[Result "1/2-1/2"]
[WhiteElo "1881"]
[BlackElo "2488"]

1.d4 Nf6 2.c4 c5 3.d5 e6 4.Nc3 exd5 5.cxd5 d6 6.Nf3 g6 7.Bf4 Bg7 8.h3 O-O
9.e3 Re8 10.Nd2 Na6 11.Nc4 Ne4 12.Nxe4 Rxe4 13.Bd3 Rxf4 14.exf4 b5 15.Ne3 c4
16.Bc2 Bxb2 17.h4 Qf6 18.Rb1 Nb4 19.h5 Qc3+ 20.Kf1 Nxc2 21.Qxc2 Qxc2 22.Nxc2 c3
23.Ne3 b4 24.Rxb2 cxb2 25.Ke2 a5 26.Rb1 Ba6+ 27.Kd2 gxh5 28.Rxb2 Rc8 29.a3 bxa3
30.Ra2 Rc5 31.Rxa3 Kf8 32.g3 Ke7 33.Rb3 Bb5 34.Rc3 Kd7 35.Kc2 Kc7 36.Kb2 Kb6
37.Ra3 Ba6 38.Ra1 Rb5+ 39.Ka3 Rb4 40.Rc1 Bb5 41.Rh1 Rd4 42.Rxh5 Rd3+ 43.Kb2 Rd2+
44.Kc3 Rxf2 45.Nc4+ Kc5 46.Nxa5 Rf3+ 47.Kb2 Rxg3 48.Nb7+ Kb4 49.Nxd6 Rg2+
50.Kc1 Bd3 51.Rh3 Kc3 52.Ne4+ Kd4 53.Nd2 Rg6 54.Rh5 Rf6 55.Nf3+ Kc5 56.Ne5 Bf5
57.Rxh7  1/2-1/2

[Event "4th Ordu Open 2018"]
[Site "Ordu TUR"]
[Date "2018.04.10"]
[Round "1.13"]
[White "Csonka,B"]
[Black "Asadi,Motahare"]
[Result "1-0"]
[WhiteElo "2453"]
[BlackElo "2046"]

1.d4 Nf6 2.c4 c5 3.d5 e6 4.Nc3 exd5 5.cxd5 d6 6.Nf3 g6 7.Bf4 a6 8.a4 Bg7
9.h3 O-O 10.e3 Qc7 11.Nd2 Nfd7 12.Nc4 Ne5 13.Bxe5 Bxe5 14.Nxe5 dxe5 15.Bc4 Rd8
16.Qf3 Kg7 17.e4 Rd6 18.O-O Nd7 19.Rad1 Nf6 20.Qe3 Nh5 21.f4 Qe7 22.fxe5 Qxe5
23.Qxc5 Bd7 24.Qd4 Re8 25.a5 Nf6 26.Qf2 Re7 27.Rde1 Ne8 28.Kh1 Rf6 29.Qh4 g5
30.Qh5 Rh6 31.Qf3 g4 32.Qf4 gxh3 33.g3 Nd6 34.Bd3 Rg6 35.Qxe5+ Rxe5 36.Kh2 h5
37.Rf4 Rg4 38.Bf1 f5 39.Bxh3 Rg5 40.Ref1 Kf6 41.exf5 Re3 42.R4f3 Re5 43.Rf4 Re3
44.R1f3 Re1 45.Rb4 Bb5 46.Rff4 Re3 47.Rbe4 Rgxg3 48.Re6+ Kg5 49.Rxe3 Rxe3
50.Rf2 Kf6 51.Rg2 Rf3 52.Rg6+ Ke7 53.Re6+ Kd7 54.f6 Kc7 55.Kg2 Rd3  1-0

[Event "4th Ordu Open 2018"]
[Site "Ordu TUR"]
[Date "2018.04.10"]
[Round "1.6"]
[White "Aytekin,Murat Eren"]
[Black "Dvirnyy,D"]
[Result "0-1"]
[WhiteElo "2139"]
[BlackElo "2512"]

1.d4 Nf6 2.c4 e6 3.Nf3 c5 4.d5 exd5 5.cxd5 d6 6.Nc3 g6 7.Bf4 a6 8.a4 Bg7
9.h3 O-O 10.e3 Qe7 11.Be2 Nbd7 12.O-O h6 13.Re1 g5 14.Bg3 Ne8 15.Nd2 Rb8
16.Nc4 Ne5 17.Nb6 Bf5 18.Bf1 Nf6 19.f4 Ng6 20.e4 Nxe4 21.Nxe4 Bxe4 22.f5 Nf4
23.a5 Bd4+ 24.Kh2 Qe5 25.Bd3 Nxd3 26.Bxe5 Bxe5+ 27.g3 Nxe1 28.Qxe1 Rfe8 29.Nd7 Rbd8
30.Qxe4 Bxb2 31.Qg4 Bxa1 32.f6 Re1 33.h4 Rde8 34.Qh5 R8e2+ 35.Kh3 Re4  0-1

[Event "4th Ordu Open 2018"]
[Site "Ordu TUR"]
[Date "2018.04.11"]
[Round "3.13"]
[White "Morozov,N"]
[Black "Tanriverdi,Enes"]
[Result "1-0"]
[WhiteElo "2443"]
[BlackElo "2314"]

1.d4 Nf6 2.Nf3 e6 3.c4 c5 4.d5 d6 5.Nc3 exd5 6.cxd5 g6 7.e4 Bg7 8.h3 O-O
9.Bd3 a6 10.a4 Nbd7 11.O-O Re8 12.Bf4 Qe7 13.Bh2 Nh5 14.Re1 Qf6 15.Qd2 Ne5
16.Nxe5 dxe5 17.Qe3 Nf4 18.Bf1 b6 19.Kh1 Bf8 20.Qf3 Kg7 21.Nd1 Bd7 22.Ne3 b5
23.Ng4 Bxg4 24.hxg4 c4 25.b3 Bb4 26.Red1 Rec8 27.bxc4 bxc4 28.Rac1 c3 29.Rc2 Rab8
30.g5 Qxg5 31.Bxa6 Rd8 32.Bb5 Rd6 33.Bxf4 exf4 34.Rxc3 Bxc3 35.Qxc3+ Kg8
36.Ra1 Rf6 37.Qc7 Rf8 38.Be2 Re8 39.Bf3 Ra6 40.a5 Rea8 41.e5 R6a7 42.Qc3 Qd8
43.d6 Rc8 44.Qb4 Rc2 45.Kg1 Qc8 46.Qxf4 Qc5 47.Be4 Rc4 48.Rd1 Rd4 49.Rb1 Rb4
50.Rd1 Rd4 51.Rb1 Rb4 52.Re1 Qxa5 53.Qf6 Rb5 54.Rd1 Rb8 55.e6 fxe6 56.Qxe6+ Kg7
57.d7 Qg5 58.Qd6  1-0

[Event "11th Triandria Open 2018"]
[Site "Thessaloniki GRE"]
[Date "2018.04.11"]
[Round "4.7"]
[White "Pratyusha,B"]
[Black "Praveen Kumar,C1"]
[Result "1-0"]
[WhiteElo "2177"]
[BlackElo "2241"]

1.d4 e6 2.c4 c5 3.d5 exd5 4.cxd5 d6 5.Nc3 Nf6 6.Nf3 g6 7.Bf4 a6 8.a4 Bg7
9.h3 O-O 10.e3 Ne8 11.Be2 Nd7 12.O-O Qe7 13.Re1 Rb8 14.Ra3 h6 15.Nd2 Ne5
16.Bg3 Nc7 17.Rb3 g5 18.a5 f5 19.Bxe5 Bxe5 20.Nc4 Bg7 21.Bf1 Bd7 22.Nb6 Be8
23.Bd3 Be5 24.f4 gxf4 25.exf4 Bd4+ 26.Kh2 Qg7 27.Qf3 Bg6 28.Nc4 Rbe8 29.Rxe8 Nxe8
30.Rb6 Qc7 31.Ne2 Bg7 32.Ng3 Kh7 33.Ne3 Qd7 34.Nexf5 Bh8 35.Qg4 Nf6 36.Qf3 Ne8
37.Qg4 Rg8 38.Qe2 Bf6 39.Qe6 Qc7 40.Nxh6  1-0

[Event "18th BCC Open 2018"]
[Site "Cha-Am THA"]
[Date "2018.04.16"]
[Round "4.27"]
[White "Moksh,Amit Doshi"]
[Black "Hng,Mei-En Emmanuelle"]
[Result "0-1"]
[WhiteElo "2297"]
[BlackElo "1997"]

1.d4 Nf6 2.c4 e6 3.Nc3 c5 4.d5 exd5 5.cxd5 d6 6.Nf3 g6 7.g3 Bg7 8.Bg2 O-O
9.O-O Re8 10.Nd2 Nbd7 11.a4 a6 12.Nc4 Ne5 13.Na3 Bd7 14.h3 b5 15.f4 Nc4 16.Nxc4 bxc4
17.e4 Nh5 18.Kh2 Bd4 19.Ne2 Bg7 20.Nc3 Rb8 21.Ra3 Nf6 22.Qc2 Qc7 23.Nb1 Nxd5
24.exd5 Bf5 25.Qxc4 Bxb1 26.Bd2 Rxb2 27.Re3 Rxe3 28.Bxe3 Qe7 29.Re1 Qb7 30.Bxc5 Ba2
31.Re8+ Bf8 32.Qd4 Rxg2+ 33.Kxg2 Qxd5+ 34.Kf2 Qxc5 35.Qxc5 dxc5 36.Ke3 Be6
37.a5 Kg7 38.h4 Bd7 39.Ra8 Bb5 40.Ra7 h5 41.Ke4 c4 42.Kd4 Bb4  0-1

[Event "ch-KAZ 2018"]
[Site "Almaty KAZ"]
[Date "2018.04.20"]
[Round "1.4"]
[White "Igambergenov,A"]
[Black "Ismagambetov,An"]
[Result "1/2-1/2"]
[WhiteElo "2296"]
[BlackElo "2547"]

1.d4 Nf6 2.c4 e6 3.Nf3 c5 4.d5 d6 5.Nc3 exd5 6.cxd5 g6 7.h3 Bg7 8.e4 a6 9.a4 Nbd7
10.Bd3 Nh5 11.O-O Ne5 12.Be2 Nxf3+ 13.Bxf3 Qh4 14.Be3 Be5 15.Qd2 Nf4 16.g3 Nxh3+
17.Kg2 Qf6 18.Rh1 g5 19.Qd1 h5 20.Bxh5 Nf4+ 21.gxf4 gxf4 22.Bc1 Ke7 23.Qf3 Bd7
24.Ne2 Rag8+ 25.Kf1 Rg5 26.Nxf4 Bxb2 27.Bxb2 Qxb2 28.Re1 Bxa4 29.Ne2 Qf6
30.Ng3 Qxf3 31.Bxf3 Rxh1+ 32.Bxh1 Bd7 33.Re3 b5 34.Bf3 a5 35.Be2 b4 36.f4 Rg8
37.e5 a4 38.Ne4 a3 39.Bc4 Rg4 40.exd6+ Kf8 41.Ke1 Rxf4 42.Ba2 Bb5 43.Nxc5 Rf1+
44.Kd2 Rf2+ 45.Kc1 Rxa2 46.d7 Bxd7 47.Nxd7+ Kg7 48.Rg3+ Kh6 49.Nc5 Ra1+ 50.Kc2 Ra2+
51.Kc1 Ra1+ 52.Kc2 Ra2+ 53.Kb1 Rb2+ 54.Ka1 Rc2 55.Nb3 Rf2 56.d6 Ra2+ 57.Kxa2  1/2-1/2

[Event "Budapest Spring Open 2018"]
[Site "Budapest HUN"]
[Date "2018.04.20"]
[Round "3.36"]
[White "Henderson de La Fuente,Lance"]
[Black "Marszalek,Mac"]
[Result "1-0"]
[WhiteElo "2459"]
[BlackElo "2289"]

1.d4 Nf6 2.c4 c5 3.d5 e6 4.Nc3 exd5 5.cxd5 d6 6.Nf3 g6 7.Bf4 Bg7 8.Qa4+ Bd7
9.Qb3 Qc7 10.h3 O-O 11.e3 a6 12.a4 Qa5 13.Nd2 b5 14.Bxd6 Rc8 15.Be2 b4 16.Nce4 Nxe4
17.Nxe4 Bf5 18.Nd2 Qd8 19.Bg3 Qf6 20.Ra2 Re8 21.O-O Nd7 22.Nc4 Bf8 23.f3 Nb6
24.Nxb6 Qxb6 25.Bc4 Bd6 26.Bxd6 Qxd6 27.f4 Re4 28.Rf3 Rae8 29.Ra1 Bd7 30.Qd3 Qf6
31.Qb3 Qd6 32.Re1 f5 33.Qc2 h5 34.b3 Kg7 35.Bd3 R4e7 36.Qc4 a5 37.e4 fxe4
38.Rxe4 Rxe4 39.Bxe4 Rf8 40.Bd3 Bf5 41.Bf1 Re8 42.Qb5 Re7 43.Qc6 Qxc6 44.dxc6 Rc7
45.Bb5 Be4 46.Re3 Bxc6 47.Bc4 Kf8 48.Re6 Be8 49.Kf2 h4 50.Kf3 Bf7 51.Re4 Rd7
52.f5 Bxc4 53.Rxc4 Rd3+ 54.Kf2 Rc3 55.Rxc3 bxc3 56.Ke3 gxf5 57.Kd3 Ke7 58.Kxc3 Kd6
59.Kd3 Kd5 60.Ke3 c4 61.bxc4+ Kxc4 62.Kf3 f4 63.Kxf4 Kb4 64.g4 hxg3 65.Kxg3 Kxa4
66.h4 Kb3 67.h5 a4 68.h6 a3 69.h7 Kb2 70.h8=Q+ Kb1 71.Qb8+ Ka1 72.Qe5+ Kb1
73.Qb5+ Ka1 74.Qc4  1-0

[Event "ch-RUS Junior Girls 2018"]
[Site "Loo RUS"]
[Date "2018.04.20"]
[Round "1.5"]
[White "Obolentseva,Alexandra"]
[Black "Protopopova,Anastasiya"]
[Result "1/2-1/2"]
[WhiteElo "2356"]
[BlackElo "2233"]

1.d4 Nf6 2.c4 e6 3.Nc3 c5 4.d5 exd5 5.cxd5 d6 6.Nf3 g6 7.Nd2 a6 8.a4 Nbd7
9.Nc4 Rb8 10.Bf4 Nb6 11.Na3 Nh5 12.Bd2 Bg7 13.g3 O-O 14.Bg2 Re8 15.O-O Bg4
16.h3 Bd7 17.a5 Nc8 18.Nc4 Qc7 19.g4 Nf6 20.Bf4 Bb5 21.Na3 Na7 22.Naxb5 Nxb5
23.Nxb5 axb5 24.Qb3 b4 25.a6 bxa6 26.Rxa6 Rb6 27.Rfa1 Reb8 28.Rxb6 Rxb6 29.Ra8+ Rb8
30.Qa4 Bf8 31.Rxb8 Qxb8 32.Qc6 Qe8 33.e4 Qe7 34.f3 Nd7 35.Bg3 Ne5 36.Qb5 g5
37.f4 gxf4 38.Bxf4 Qf6 39.Bg3 Nf3+ 40.Kh1 Ne5 41.Qf1 Qg7 42.b3 Ng6 43.h4 Qc3
44.Kh2 Be7 45.h5 Nh4 46.Qb5 Nf3+ 47.Bxf3 Qxf3 48.Qe8+ Bf8 49.Bxd6 Qf2+ 50.Kh3 Qf1+
51.Kg3 Qe1+ 52.Kf3 Qf1+ 53.Ke3 Qe1+ 54.Kd3 Qf1+  1/2-1/2

[Event "TCh-BEL 2017-18"]
[Site "Belgium BEL"]
[Date "2018.04.22"]
[Round "10.6"]
[White "Busschots,Johan"]
[Black "Tan,Mat"]
[Result "0-1"]
[WhiteElo "1833"]
[BlackElo "2442"]

1.d4 Nf6 2.c4 e6 3.Nf3 c5 4.d5 exd5 5.cxd5 d6 6.Nc3 g6 7.e4 Bg7 8.Be2 O-O
9.O-O Re8 10.Qc2 Na6 11.Re1 Nc7 12.a4 a6 13.a5 Rb8 14.Nd2 Bg4 15.f3 Bd7 16.Nc4 Bb5
17.b3 Nh5 18.g3 f5 19.Bb2 Bxc4 20.bxc4 Qg5 21.Bf1 b6 22.Qc1 Bd4+ 23.Kh1 Nxg3+
24.hxg3 Qxg3 25.Qd1 Qg1+  0-1

[Event "ch-KAZ 2018"]
[Site "Almaty KAZ"]
[Date "2018.04.24"]
[Round "5.6"]
[White "Suleymenov,Alisher"]
[Black "Ismagambetov,An"]
[Result "1-0"]
[WhiteElo "2351"]
[BlackElo "2547"]

1.d4 Nf6 2.c4 e6 3.Nf3 c5 4.d5 d6 5.Nc3 exd5 6.cxd5 g6 7.Bf4 Bg7 8.e3 O-O
9.h3 Na6 10.Be2 Nc7 11.a4 a6 12.O-O Rb8 13.Ng5 b5 14.axb5 axb5 15.Nge4 Nfe8
16.Bh2 Rb6 17.Ra7 Ra6 18.Rxa6 Bxa6 19.Qa1 Qe7 20.Rd1 Be5 21.Bxe5 Qxe5 22.Qa5 c4
23.Qb6 Bc8 24.Ng3 Bd7 25.f4 Qe7 26.Kh2 Na8 27.Qa7 Nec7 28.e4 b4 29.Na2 Nb5
30.Qe3 b3 31.Nb4 Rc8 32.Rc1 Qf6 33.e5 dxe5 34.fxe5 Qh4 35.e6 Be8 36.Rf1 f5
37.Rf4 Qe7 38.Nc6 Bxc6 39.dxc6 Rxc6 40.Bxc4 Nac7 41.Nxf5 gxf5 42.Qg3+ Qg7
43.e7+ Rxc4 44.Qxb3 Qe5 45.Qg3+ Kf7 46.Rxc4 Qxe7 47.Rh4 Kf8 48.Qf4 Nd6 49.Rh6 Nce8
50.Qd4 Kg8 51.Qd5+ Nf7 52.Rc6 Nd6 53.b4 Qe3 54.Qf3 Qd4 55.Qc3 Qd5 56.Rc7 h6
57.Qg3+ Kf8 58.Qf4 Ke8 59.Rc5 Qb3 60.b5 Kd7 61.Qf3 Qb4 62.Rd5 Kc7 63.Qg3 Kb7
64.Qe3 h5 65.Qe7+ Kb6 66.Rxf5 Qc4 67.Qe3+ Kb7 68.Rxh5 Qc7 69.Qf4 Kb6 70.Rd5 Qd7
71.Qe3+ Kb7 72.Qc5 Qe7 73.Qc6+ Kb8 74.b6 Ne8 75.Qd7 Qxd7 76.Rxd7 Nfd6 77.g4 Kc8
78.Re7 Nf6 79.g5 Nd5 80.Re5 Nxb6 81.g6 Nd7 82.g7 Nf6 83.Re6  1-0

[Event "Budapest Spring Open 2018"]
[Site "Budapest HUN"]
[Date "2018.04.24"]
[Round "7.30"]
[White "Tica,Sven"]
[Black "Praveen Kumar,C1"]
[Result "0-1"]
[WhiteElo "2442"]
[BlackElo "2241"]

1.d4 e6 2.c4 c5 3.d5 exd5 4.cxd5 d6 5.Nc3 Nf6 6.Nf3 g6 7.g3 Bg7 8.Bg2 O-O
9.O-O Na6 10.Bf4 Nc7 11.a4 Nh5 12.Bg5 f6 13.Bd2 f5 14.Rb1 f4 15.b4 b6 16.Qb3 Bf5
17.Rbd1 Qd7 18.Qc4 Rae8 19.Rde1 Bh3 20.e3 fxg3 21.fxg3 Nf6 22.e4 Bxg2 23.Kxg2 Ng4
24.bxc5 bxc5 25.Bf4 Ne5 26.Bxe5 Bxe5 27.Nxe5 Rxe5 28.Rxf8+ Kxf8 29.Rb1 Ne8
30.Qa6 Qg7 31.Rf1+ Kg8 32.Qc8 Re7 33.Rf3 Qe5 34.a5 Rf7 35.Rxf7 Kxf7 36.Qb7+ Kg8
37.Qb3 a6 38.Qc4 Nf6 39.h3 Qd4 40.Qxd4 cxd4 41.Ne2 Nxe4 42.Nxd4 Nc3 43.Ne6 Nxd5
44.Kf3 Kf7 45.Ng5+ Kg7 46.Ke4 Nb4 47.Ke3 Nc6 48.Ne6+ Kf6 49.Nc7 Nxa5 50.Kf4 Nb3
51.Nxa6 Nc5 52.Nb4 Ne6+ 53.Ke3 Ke5 54.Nc6+ Kd5 55.Ne7+ Kc4 56.Nc8 Kc5 57.h4 d5
58.g4 Nd8 59.h5 g5 60.Ne7 Nf7 61.Ng8 Ne5 62.Nf6 h6 63.Ke2 Kc4 64.Ke3 Nf7
65.Kd2 Kd4 66.Ng8 Ke4 67.Ke2 d4 68.Nf6+ Ke5 69.Ng8 Kf4 70.Kd3 Kxg4 71.Kxd4 Kxh5
72.Kd5 g4 73.Ke4 Kg5 74.Ne7 h5 75.Ke3 h4 76.Kf2 Ne5 77.Kg2 Nd3 78.Nc6 Nf4+
79.Kf2 g3+ 80.Kf3 g2 81.Kf2 h3 82.Nd4 Kg4 83.Kg1 Nd3 84.Ne2 Ne5 85.Kf2 Nf3
86.Ng1 Nxg1 87.Kxg1 Kf3  0-1

[Event "ch-KAZ 2018"]
[Site "Almaty KAZ"]
[Date "2018.04.25"]
[Round "6.3"]
[White "Kazhgaleyev,M"]
[Black "Nogerbek,Kazybek"]
[Result "1-0"]
[WhiteElo "2577"]
[BlackElo "2323"]

1.d4 Nf6 2.c4 e6 3.Nf3 c5 4.d5 d6 5.Nc3 exd5 6.cxd5 g6 7.e4 Bg7 8.h3 O-O
9.Bd3 a6 10.O-O b5 11.a3 Nbd7 12.Re1 Nh5 13.Bd2 Ne5 14.Be2 Nxf3+ 15.Bxf3 Nf6
16.Bf4 Bb7 17.a4 b4 18.Nb1 Ne8 19.Qc1 a5 20.Nd2 Ba6 21.e5 dxe5 22.Bxe5 Bxe5
23.Rxe5 Qd6 24.Re1 Nf6 25.Nb3 Bb7 26.Qg5 Kg7 27.Rad1 Rfd8 28.Re5 Ng4 29.hxg4 f6
30.Qe3 Qxe5 31.Qxc5 Qd6 32.Qd4 Bc8 33.g5 Bf5 34.Nc5 Qe5 35.Qd2 fxg5 36.Qxg5 Qf6
37.Qf4 Qd6 38.Qd4+ Qf6 39.Qf4 Qd6 40.Qe3 Re8 41.Ne6+ Kg8 42.Qh6 Ra7 43.Nd4 Rae7
44.Qd2 Bd7 45.b3 Rf7 46.Nc2 Ref8 47.Ne3 Qf4 48.d6 Be6 49.Nc4 Qf5 50.Re1 Rd8
51.Nxa5 Qxa5 52.Rxe6 Qc5 53.a5 Qxa5 54.Bd5 Kg7 55.Qd4+ Kh6 56.Re3 Rf5 57.Rh3+ Rh5
58.Qe3+ Kg7 59.Rxh5  1-0

[Event "Budapest Spring Open 2018"]
[Site "Budapest HUN"]
[Date "2018.04.25"]
[Round "8.19"]
[White "Praveen Kumar,C1"]
[Black "Krzyzanowski,M"]
[Result "1/2-1/2"]
[WhiteElo "2241"]
[BlackElo "2472"]

1.d4 Nf6 2.c4 c5 3.d5 e6 4.Nc3 exd5 5.cxd5 d6 6.Nf3 g6 7.h3 Bg7 8.e4 O-O
9.Bd3 b5 10.Bxb5 Nxe4 11.Nxe4 Qa5+ 12.Nfd2 Qxb5 13.Nxd6 Qa6 14.N2c4 Nd7 15.O-O Ne5
16.Nxe5 Qxd6 17.Nc4 Qa6 18.Ne3 Bb7 19.a4 Rad8 20.Rb1 f5 21.b4 f4 22.b5 Qd6
23.Ng4 c4 24.b6 axb6 25.a5 Bxd5 26.Rxb6 Qc5 27.Qa4 Ra8 28.Qb5 Qxb5 29.Rxb5 Be4
30.Re1 Rf5 31.Rb6 Bd5 32.a6 c3 33.Re7 Rf7 34.Rxf7 Kxf7 35.Bxf4 c2 36.Rd6 Be4
37.Rd7+ Kf8 38.a7 h5 39.Nh6 Bb2 40.Bd6+ Ke8 41.Re7+ Kf8 42.Rf7+ Ke8 43.Re7+ Kf8  1/2-1/2

[Event "Budapest Spring Open 2018"]
[Site "Budapest HUN"]
[Date "2018.04.26"]
[Round "9.18"]
[White "Zanan,E"]
[Black "Praveen Kumar,C1"]
[Result "1-0"]
[WhiteElo "2493"]
[BlackElo "2241"]

1.d4 e6 2.c4 c5 3.d5 exd5 4.cxd5 d6 5.Nc3 Nf6 6.Nf3 g6 7.Nd2 Bg7 8.e4 O-O
9.Be2 b6 10.O-O Ba6 11.a4 Bxe2 12.Qxe2 Re8 13.Nc4 a6 14.Bf4 Bf8 15.h3 Ra7
16.Qf3 Nh5 17.Bh2 f6 18.g4 Ng7 19.Qg3 Rd7 20.Rae1 Qc7 21.f4 Qb7 22.e5 f5
23.e6 Rdd8 24.Qd3 Be7 25.Bg3 Rf8 26.Rb1 a5 27.Nb5 Na6 28.Rbd1 Nb4 29.Qf3 h6
30.Be1 Kh7 31.Bc3 Rg8 32.Kh2 Qb8 33.Ne3 Rdf8 34.Rg1 Bf6 35.gxf5 Nxf5 36.Nxf5 gxf5
37.Rxg8 Kxg8 38.Rg1+  1-0

[Event "ch-RUS Junior Girls 2018"]
[Site "Loo RUS"]
[Date "2018.04.26"]
[Round "7.5"]
[White "Afonasieva,Anna"]
[Black "Khokhlova,Daria"]
[Result "1/2-1/2"]
[WhiteElo "2260"]
[BlackElo "2162"]

1.d4 Nf6 2.Nf3 c5 3.d5 e6 4.c4 exd5 5.cxd5 d6 6.Nc3 g6 7.e4 Bg7 8.Be2 O-O
9.Nd2 a6 10.a4 Nbd7 11.O-O Rb8 12.h3 Ne8 13.f4 Nc7 14.Nc4 Bd4+ 15.Kh1 Nf6
16.e5 dxe5 17.d6 Ncd5 18.fxe5 Bxc3 19.exf6 Bd4 20.a5 Be6 21.Bg5 Nxf6 22.Ra3 b5
23.Nb6 h6 24.Bxh6 Ne4 25.Bxf8 Qxf8 26.d7 Nf2+ 27.Rxf2 Bxf2 28.Bxb5 axb5 29.a6 c4
30.a7 Bxb6 31.axb8=Q Qxb8 32.Ra6 Bd8 33.Rc6 Kf8 34.Qd4 Ke7 35.Qc5+ Kxd7 36.Ra6 Bc7
37.Qc6+ Ke7 38.Ra8 Qb6 39.Re8+ Kf6 40.Qf3+ Ke5 41.Qxf7 Qd6 42.Rxe6+ Qxe6
43.Qxc7+ Ke4 44.Qg3 Qf5 45.Qe1+ Kd5 46.Qd2+ Qd3 47.Qg5+ Kc6 48.Qf6+ Qd6 49.Qf3+ Kb6
50.Qe3+ Ka6 51.Qe2 Ka5 52.Kg1 Qd4+ 53.Kf1 b4 54.Qc2 b3 55.Qe2 c3 56.Qe1 Qc4+
57.Kg1 Qd4+ 58.Kh1 Kb4 59.Qe7+ Kc4 60.Qe6+ Qd5 61.Qe2+ Kb4 62.Qe7+ Qc5 63.Qe4+ Qc4
64.Qe7+ Kb5 65.Qe5+ Kc6 66.Qf6+ Kd5 67.Qf7+ Kd4 68.Qf4+ Kd3 69.Qf1+ Kd4 70.Qf4+ Kd3  1/2-1/2

[Event "Yunusemre Closed IM 2018"]
[Site "Manisa TUR"]
[Date "2018.04.27"]
[Round "7.1"]
[White "Abdullayev,A"]
[Black "Benidze,D"]
[Result "0-1"]
[WhiteElo "2028"]
[BlackElo "2488"]

1.d4 Nf6 2.c4 c5 3.d5 e6 4.Nc3 exd5 5.cxd5 d6 6.Nf3 g6 7.Nd2 Na6 8.Nc4 Nc7
9.a4 b6 10.g3 Ba6 11.b3 Bg7 12.Bb2 O-O 13.Bg2 Re8 14.O-O Ng4 15.h3 Ne5 16.Na3 f5
17.Re1 Qf6 18.Qd2 Nd7 19.Rad1 Qf7 20.f4 Nf6 21.e4 fxe4 22.Bxe4 Re7 23.Bf3 Rae8
24.Nc4 Rxe1+ 25.Rxe1 Rxe1+ 26.Qxe1 Nfe8 27.Kg2 Bd4 28.Ne4 Bxb2 29.Nxb2 Bb7
30.Ng5 Qd7 31.Bg4 Bxd5+ 32.Kh2 Qg7 33.Nc4 h6 34.Ne4 Qe7 35.Bf3 Bxe4 36.Qxe4 Qxe4
37.Bxe4 d5  0-1

[Event "12th Agzamov Mem 2018"]
[Site "Tashkent UZB"]
[Date "2018.04.27"]
[Round "5.8"]
[White "Malakhatko,V"]
[Black "Abdisalimov,Abdimalik"]
[Result "1/2-1/2"]
[WhiteElo "2516"]
[BlackElo "2341"]

1.d4 Nf6 2.c4 e6 3.Nf3 c5 4.d5 exd5 5.cxd5 d6 6.Nc3 g6 7.Bf4 Bg7 8.h3 O-O
9.e3 a6 10.a4 Qe7 11.Be2 Nbd7 12.O-O Ne8 13.Nd2 Ne5 14.Bh2 Rb8 15.Kh1 f5
16.Re1 b5 17.axb5 axb5 18.f4 Nc4 19.Bxc4 bxc4 20.e4 fxe4 21.Rxe4 Qf7 22.Nxc4 Bb7
23.Rxe8 Qxe8 24.Nxd6 Qe7 25.Nde4 Bd4 26.Bg1 Bxd5 27.Bxd4 cxd4 28.Qxd4 Bxe4
29.Nxe4 Rxf4 30.Qd5+ Qf7 31.Qd6 Rf8 32.Ng3 h5 33.b4 Qf6 34.Qd5+ Kh8 35.Ra8 Rxa8
36.Qxa8+ Kh7 37.Qa7+ Qf7 38.Qc5 Qc4 39.Qe7+ Rf7 40.Qe3 Qf4 41.Qe6 Ra7 42.Qe1 Rc7
43.Ne2 Qe4 44.Qf2 Qxb4 45.Ng1 Qd6 46.Qe3 Re7 47.Qf2 Qd1 48.Qc5 Qe1 49.Qd4 Qe3
50.Qd6 Rf7 51.Nf3 Qc1+ 52.Ng1 Qf4 53.Qb6 g5 54.Qc5 Qf5 55.Qe3 Qf4 56.Qd3+ Kh6
57.Qa6+ Qf6 58.Qd3 g4 59.Qe3+ Qg5 60.Qe6+ Kg7 61.Qe4 Rf1 62.Qb7+ Kh6 63.Qb6+ Rf6
64.Qb8 Qd5 65.Qb2 Kg5 66.Qc1+ Kg6 67.Qb1+ Qf5 68.Qb8 Qe6 69.Qb1+ Rf5 70.Qc2 Kg5
71.Qd2+ Kg6 72.Qc2 Qe1 73.Qc6+ Kg5 74.Kh2 Qe3 75.Qd7 Qe5+ 76.Kh1 Kh6 77.Qd2+ Qf4
78.Qd8 Rf8 79.Qb6+ Rf6 80.Qd8 Kg7 81.Qd7+ Rf7 82.Qd5 Qf5 83.Qd4+ Kh7 84.Qe3 Qd5
85.Kh2 Kg6 86.Qb6+ Rf6 87.Qb1+ Qf5 88.Qa2 Qe5+ 89.Kh1 Qe6 90.Qb1+ Rf5 91.Qc2 Qe1
92.Qc6+ Rf6 93.Qc2+ Kh6 94.Qb2  1/2-1/2

[Event "12th Agzamov Mem 2018"]
[Site "Tashkent UZB"]
[Date "2018.04.30"]
[Round "9.6"]
[White "Levin,Ev"]
[Black "Abdisalimov,Abdimalik"]
[Result "1-0"]
[WhiteElo "2543"]
[BlackElo "2341"]

1.d4 Nf6 2.c4 e6 3.Nf3 c5 4.d5 exd5 5.cxd5 d6 6.Nc3 g6 7.e4 Bg7 8.Nd2 O-O
9.Be2 Re8 10.O-O Na6 11.Kh1 Nc7 12.a4 a6 13.f3 Rb8 14.a5 Bd7 15.Nc4 Bb5 16.Ra2 Nh5
17.g4 Bxc4 18.Bxc4 Nf6 19.Bf4 Bf8 20.Bg5 Be7 21.e5 Nd7 22.Bxe7 Qxe7 23.f4 Qh4
24.b3 dxe5 25.f5 Nb5 26.Ne4 g5 27.Bxb5 axb5 28.f6 c4 29.Rg2 Rbc8 30.Nd6 Qh6
31.Nxe8 Rxe8 32.bxc4 bxc4 33.Qa4 Rd8 34.Qxc4 Nxf6 35.Qc7 Rxd5 36.Rgf2  1-0

[Event "ch-LAT 2018"]
[Site "Riga LAT"]
[Date "2018.05.03"]
[Round "5.7"]
[White "Bolsakovs,V"]
[Black "Polyakov,Fedor"]
[Result "1/2-1/2"]
[WhiteElo "2128"]
[BlackElo "2143"]

1.d4 Nf6 2.Nf3 c5 3.d5 e6 4.c4 exd5 5.cxd5 d6 6.Nc3 g6 7.Nd2 Bg7 8.e4 O-O
9.Be2 Na6 10.O-O Nc7 11.a4 b6 12.Re1 Rb8 13.Nc4 Ba6 14.Bf4 Bxc4 15.Bxc4 Nh5
16.Be3 a6 17.Be2 Nf6 18.f4 Nd7 19.Bf3 b5 20.Qc2 Nb6 21.Bf2 Nxa4 22.Nxa4 bxa4
23.e5 Re8 24.Rxa4 dxe5 25.Qxc5 Rxb2 26.Rc4 Nb5 27.fxe5 Rxe5 28.Rd1 Nd6 29.Rb4 Rxb4
30.Qxb4 Re7 31.Bh4 f6 32.Bg3 Rd7 33.Ra1 Nf5 34.Bf2 Qc8 35.Qa4 Ne7 36.Rd1 h5
37.h3 Nf5 38.Rb1 Kh7 39.Qe4 Re7 40.Qd3 a5 41.g4 hxg4 42.hxg4 Nh6 43.d6 Rd7
44.Kg2 Bf8 45.Bg3 Qc5 46.Rb5 Qc1 47.Rxa5 Qb2+ 48.Kh3 Nf7 49.Be4 Ng5+ 50.Rxg5 fxg5
51.Bxg6+ Kh6 52.Qf5 Qg7 53.Be8 Ra7 54.Be5 Ra3+ 55.Kh2 Ra2+ 56.Kg3 Ra3+ 57.Kh2 Ra2+  1/2-1/2

[Event "Deltalift Open 2018"]
[Site "Tylosand SWE"]
[Date "2018.05.10"]
[Round "4.19"]
[White "Tuomainen,Felix"]
[Black "Torngren,Gustav"]
[Result "1-0"]
[WhiteElo "2211"]
[BlackElo "2023"]

1.d4 Nf6 2.c4 e6 3.Nc3 c5 4.d5 exd5 5.cxd5 d6 6.Nf3 g6 7.Nd2 Bg7 8.e4 O-O
9.Be2 Na6 10.O-O Nc7 11.a4 Rb8 12.Nc4 Re8 13.Qc2 b6 14.Bf4 Bf8 15.Rab1 Ba6
16.b4 Bxc4 17.Bxc4 cxb4 18.Rxb4 Rc8 19.Qd3 Nd7 20.Rbb1 Nc5 21.Qc2 Bg7 22.f3 Re7
23.Bg5 f6 24.Be3 Ne8 25.Bd4 f5 26.Bxg7 Nxg7 27.Rfe1 fxe4 28.Nxe4 Nxe4 29.Rxe4 Rc5
30.Qe2 Rec7 31.Bb5 Rc1+ 32.Rxc1 Rxc1+ 33.Kf2 Qf6 34.Qd2 Rb1 35.Be2 Nf5 36.g4 Qh4+
37.Kg2 Ng3 38.Re8+ Kf7 39.Qe3 Nxe2 40.Qe6+ Kg7 41.Re7+ Kh6 42.Qe3+ Qg5 43.Rxh7+ Kxh7
44.Qxg5 Rb2 45.Qe7+ Kg8 46.Qxd6 Nc3+ 47.Kh3 Nxa4 48.Qd8+ Kh7 49.Qd7+ Kh6
50.Qxa4 b5 51.Qf4+ Kh7 52.Qc7+ Kh6 53.Qc1+ Kh7 54.Qxb2 a5 55.Qxb5 a4 56.Qxa4 Kg7
57.g5 Kf7 58.Qd7+ Kf8 59.Kg3 Kg8 60.Kf4 Kf8 61.Ke5 Kg8 62.Kf6 Kf8 63.Qd8+  1-0

[Event "ch-ROU 2018"]
[Site "Olanesti ROU"]
[Date "2018.05.15"]
[Round "2.11"]
[White "Ciorgovean,Iustin"]
[Black "Manea,Al"]
[Result "0-1"]
[WhiteElo "2169"]
[BlackElo "2402"]

1.d4 Nf6 2.c4 e6 3.Nc3 c5 4.d5 exd5 5.cxd5 d6 6.Nf3 g6 7.Nd2 Bg7 8.e4 O-O
9.Be2 Re8 10.O-O Nbd7 11.Qc2 Ne5 12.Re1 Nfg4 13.Bb5 Qh4 14.Nf1 Re7 15.Bf4 a6
16.Qd2 Qxf2+ 17.Qxf2 Nxf2  0-1

[Event "93rd ch-ARG Semi-Final"]
[Site "Buenos Aires ARG"]
[Date "2018.05.20"]
[Round "2.25"]
[White "Slipak,S"]
[Black "Lopez Rebert,P"]
[Result "1/2-1/2"]
[WhiteElo "2444"]
[BlackElo "1865"]

1.d4 Nf6 2.c4 c5 3.d5 e6 4.Nc3 exd5 5.cxd5 d6 6.Nf3 g6 7.Bg5 h6 8.Bh4 g5
9.Bg3 Nh5 10.e3 Nxg3 11.hxg3 Bg7 12.Bd3 Nd7 13.Qc2 Ne5 14.Nxe5 Bxe5 15.Bf5 Bxf5
16.Qxf5 Qd7 17.g4 O-O-O 18.a4 Rde8 19.Qf3 Bxc3+ 20.bxc3 Re5 21.c4 f5 22.gxf5 Rxf5
23.Qe2 Rhf8 24.O-O Qg7 25.e4 Rxf2 26.Rxf2  1/2-1/2

[Event "12th BPB Limburg Open"]
[Site "Maastricht NED"]
[Date "2018.05.21"]
[Round "6.5"]
[White "Donchenko,Alexa"]
[Black "Villwock,M"]
[Result "1-0"]
[WhiteElo "2587"]
[BlackElo "2153"]

1.d4 Nf6 2.c4 c5 3.d5 e6 4.Nc3 exd5 5.cxd5 d6 6.Nf3 g6 7.Bf4 a6 8.a4 Bg7
9.h3 O-O 10.e3 Ne8 11.Be2 Nd7 12.O-O Ne5 13.Nd2 Rb8 14.Bh2 f5 15.Qc2 Bd7
16.a5 Qe7 17.Rae1 g5 18.f4 Ng6 19.Kh1 gxf4 20.exf4 Qf7 21.Bd3 Nh4 22.Nc4 Bb5
23.Re6 Bxc4 24.Bxc4 Rd8 25.Rfe1 Ng6 26.Na4 Nc7 27.Nxc5 Nxe6 28.dxe6 Qe7 29.Nd7 Rfe8
30.Qxf5 Kh8 31.Re2 Rc8 32.b3 d5 33.Qxd5 Qa3 34.Re1 Qb4 35.Rf1 Ne7 36.Qh5 Ng8
37.Bd3  1-0